MARC

LEADER 00000nam0a2200000 4500
001 357086
005 20231102010945.0
035 |a (RuTPU)RU\TPU\retro\14346 
090 |a 357086 
100 |a 20200728d1955 k y0rusy50 ca 
101 0 |a rus 
102 |a RU 
105 |a y z 001zy 
200 1 |a Предмет и задачи петрографии и положение ее в ряду других геологических наук  |e отдельный оттиск  |f Ю. А. Кузнецов  |g Академия наук СССР 
210 |a Москва  |a Ленинград  |c Изд-во Академии наук СССР  |d 1955 
215 |a С. 267-275 
225 1 |a Записки Всесоюзного минералогического общества. Вторая серия  |v Ч. 84, №3 
316 |5 63413507: ШкА2/611  |a На обложке дарственная надпись: "В библиотеку Т.П.И. Ю. Кузнецов" 
316 |5 63413507: ШкА2/611  |a С автографом автора 
320 |a Библиогр. в конце ст. 
606 1 |a Петрография  |2 stltpush  |3 (RuTPU)RU\TPU\subj\48701  |9 67549 
610 1 |a горные породы 
610 1 |a минеральные агрегаты 
610 1 |a полезные ископаемые 
610 1 |a осадочные породы 
610 1 |a коллекция ТПУ 
610 1 |a труды учёных ТПУ 
610 1 |a дарственная надпись 
610 1 |a дары автора 
610 1 |a дары библиотеке 
675 |a 552  |v 4 
700 1 |a Кузнецов  |b Ю. А.  |c геолог, петрограф  |c профессор Томского политехнического института  |c с 1959 г. перешел на работу в Институт геологии и геофизики СО АН СССР  |f 1903-1982  |g Юрий Алексеевич  |2 stltpush  |3 (RuTPU)RU\TPU\pers\8363 
712 0 2 |a Академия наук СССР (АН СССР)  |c (Ленинград/Москва)  |c (1925-1991)  |2 stltpush  |3 (RuTPU)RU\TPU\col\722 
801 1 |a RU  |b 63413507  |c 20200728 
801 2 |a RU  |b 63413507  |c 20200728  |g RCR 
942 |c BK